Normal view
MARC view
Entry Personal Name
001 - CONTROL NUMBER
- control field: 761063
003 - CONTROL NUMBER IDENTIFIER
- control field: OSt
005 - DATE AND TIME OF LATEST TRANSACTION
- control field: 20250508152237.0
008 - FIXED-LENGTH DATA ELEMENTS
- fixed length control field: 250508|| aca||aabn | a|a d
040 ## - CATALOGING SOURCE
- Original cataloging agency: OSt
- Transcribing agency: OSt
100 ## - HEADING--PERSONAL NAME
- Personal name: Desai L R
670 ## - SOURCE DATA FOUND
- Source citation: Work cat.: (OSt)1335238: Desai L R, Investigation into the wastage in secondary education in Gujarat, 1957
